[Event "PUR-ch"]
[Site "San Juan"]
[Date "2023.08.25"]
[Round "1"]
[White "Font Alvelo, Joaquim"]
[Black "Lugo Cruz, Yahir"]
[Result "1-0"]
[WhiteElo "2115"]
[BlackElo "1458"]
[PlyCount "61"]
[EventDate "2023.08.25"]
[EventType "swiss"]
[EventRounds "9"]
[EventCountry "PUR"]
[SourceTitle "EXT 2024"]
[Source "ChessBase"]
[SourceDate "2023.10.10"]
[SourceVersion "1"]
[SourceVersionDate "2023.10.10"]
[SourceQuality "1"]

1. Nf3 c5 2. b3 g6 3. Bb2 Nf6 4. g3 Bg7 5. Bg2 0-0 6. d3 d5 7. 0-0 Nc6 8. Nbd2 Rb8 9. e4 d4 10. a4 a6 11. Ba3 Nb4 12. Ne1 b5 13. axb5 axb5 14. h3 Nh5 15. Kh2 e5 16. Ndf3 Re8 17. Qd2 Na6 18. Qe2 b4 19. Bc1 Nc7 20. Ng1 Ne6 21. Bf3 Nf6 22. Ng2 Nd7 23. Bg4 Ndf8 24. Bd2 h5 25. Bxe6 Nxe6 26. f4 exf4 27. Nxf4 Qd7 28. Qf2 h4 29. gxh4 Nxf4 30. Bxf4 Rb6 31. Qg3 1-0